[Event "Lansing (Mini-Swiss.2/3)"]
[Site "?"]
[Date "1995.??.??"]
[Round "?"]
[White "Sundeen, David"]
[Black "Saulmon, Scott"]
[Result "0-1"]
[WhiteElo "1700"]
[BlackElo "1710"]
[PlyCount "68"]
[EventDate "1995.??.??"]

{2/(3)} 1. e4 e6 2. e5 d5 3. exd6 Bxd6 4. Nc3 Nf6 5. Nf3 O-O 6. d4 Bb4 7. Bd2
Nc6 8. Ne2 Bd6 9. Bf4 Re8 10. Bxd6 cxd6 11. c3 e5 12. dxe5 Nxe5 13. Nxe5 Rxe5
14. Qd4 Re4 15. Qd3 Be6 16. b3 Rc8 17. O-O-O d5 18. f3 Rb4 19. Kb2 Rb6 20. Nf4
a5 21. c4 Qc7 22. Qd4 a4 23. Be2 Rb4 24. Rc1 b5 25. Nd3 a3+ 26. Ka1 Qd6 27.
Nxb4 Qxb4 28. Qc3 Qc5 29. Rhd1 b4 30. Qd4 Qd6 31. cxd5 Nxd5 32. Rxc8+ Bxc8 33.
Qc4 Qe5+ 34. Kb1 Qb2# 0-1

[Event "East Lansing (Class B/2/2)"]
[Site "?"]
[Date "1995.??.??"]
[Round "?"]
[White "Sundeen, David"]
[Black "Johnston, R."]
[Result "1/2-1/2"]
[WhiteElo "1760"]
[BlackElo "1710"]
[PlyCount "66"]
[EventDate "1995.??.??"]

{2/(2)} 1. e4 c5 2. Nc3 d6 3. g3 Nc6 4. Bg2 Nf6 5. d3 e6 6. h3 a6 7. Be3 Be7 8.
Qd2 Qc7 9. Nge2 b5 10. O-O b4 11. Na4 Bd7 12. b3 Rc8 13. f4 O-O 14. e5 dxe5 15.
Nxc5 Nd4 16. Nxd7 Nxe2+ 17. Qxe2 Nxd7 18. Rac1 exf4 19. Bxf4 e5 20. Bd2 Bc5+
21. Kh2 Nf6 22. Bg5 Nd7 23. Qg4 f6 24. Bh6 Nb6 25. Be4 Kh8 26. Bd2 g6 27. Bg2
Qf7 28. Qe2 Nd5 29. Qe4 Nc3 30. Bxc3 bxc3 31. a4 Bd4 32. Qb7 Qe6 33. Bd5 Qb6
1/2-1/2

[Event "East Lansing (Class B/3/3)"]
[Site "?"]
[Date "1995.??.??"]
[Round "?"]
[White "Sundeen, David"]
[Black "Foote, Greg"]
[Result "1/2-1/2"]
[WhiteElo "1760"]
[BlackElo "1705"]
[PlyCount "117"]
[EventDate "1995.??.??"]

{3/(3)} 1. e4 c5 2. Nc3 Nc6 3. g3 Nf6 4. Bg2 e6 5. d3 d5 6. exd5 exd5 7. Bg5
Bg4 8. Qxg4 Nxg4 9. Bxd8 Rxd8 10. Nge2 Nb4 11. h3 Nxc2+ 12. Kd2 Nxf2 13. Kxc2
Nxh1 14. Rxh1 d4 15. Nd5 Bd6 16. Ndf4 Rd7 17. Rf1 O-O 18. Bd5 Bxf4 19. Nxf4 g5
20. Ne6 Rxd5 21. Nxf8 Kxf8 22. g4 Kg7 23. Re1 Rd7 24. Re5 f6 25. Rxc5 Kg6 26.
Kd2 h5 27. Rf5 Rd6 28. a4 Rb6 29. Kc2 Rc6+ 30. Kd2 hxg4 31. hxg4 Rd6 32. b4 Kf7
33. Rc5 Ke6 34. Ke2 Rc6 35. Rb5 Rb6 36. Ra5 a6 37. b5 axb5 38. axb5 f5 39. Ra4
Ke5 40. gxf5 Rxb5 41. f6 Rb2+ 42. Kf3 Kxf6 43. Rxd4 b5 44. Rd5 Rb1 45. Rc5 b4
46. Rb5 b3 47. d4 b2 48. Kg2 g4 49. Kf2 g3+ 50. Kg2 Ke6 51. Rb8 Kd6 52. Rb3 Kd5
53. Rb4 Ke4 54. Rb8 Kxd4 55. Rd8+ Ke5 56. Re8+ Kd6 57. Rb8 Kc7 58. Rb4 Kc6 59.
Rb8 1/2-1/2

[Event "East Lansing (MOR/6/36)"]
[Site "?"]
[Date "1995.??.??"]
[Round "?"]
[White "Sundeen, David"]
[Black "Evans Sr., Thomas"]
[Result "1-0"]
[WhiteElo "1710"]
[BlackElo "1605"]
[PlyCount "91"]
[EventDate "1995.??.??"]

{6/(36)} 1. e4 e5 2. f4 d5 3. exd5 exf4 4. Nf3 Nf6 5. Bc4 Nxd5 6. O-O Be7 7. d4
Be6 8. Bxd5 Bxd5 9. Bxf4 O-O 10. Nc3 Bxf3 11. Rxf3 Nc6 12. Ne2 Bf6 13. c3 Ne7
14. Qc2 g6 15. Bxc7 Qxc7 16. Rxf6 Nd5 17. Rf3 Rae8 18. Qd3 Re7 19. Raf1 Nb6 20.
b3 Qd8 21. c4 Qe8 22. Nc3 Re1 23. Rxe1 Qxe1+ 24. Rf1 Qh4 25. d5 Re8 26. Qd2 Nd7
27. Nb5 a6 28. Nd6 Re7 29. Nxb7 Nf6 30. Nd6 Ng4 31. Qf4 f6 32. h3 g5 33. Qxg4
Qxg4 34. hxg4 Re2 35. Rf2 Re1+ 36. Kh2 Kg7 37. Nf5+ Kg6 38. Ng3 h6 39. Re2 Rd1
40. Re6 a5 41. Ra6 Ra1 42. Rxa5 Kg7 43. d6 Rd1 44. Ra7+ Kg6 45. Nf5 h5 46. Rg7#
1-0

[Event "East Lansing (MOR/3/20)"]
[Site "?"]
[Date "1995.??.??"]
[Round "?"]
[White "Sundeen, David"]
[Black "Charette, K."]
[Result "1/2-1/2"]
[WhiteElo "1710"]
[BlackElo "1605"]
[PlyCount "114"]
[EventDate "1995.??.??"]

{3/(20)} 1. e4 e5 2. f4 exf4 3. Nf3 Be7 4. Bc4 Bh4+ 5. Kf1 b6 6. d4 Nc6 7. Bxf4
Na5 8. Bd3 d6 9. c3 h6 10. Nbd2 Bg5 11. Nxg5 hxg5 12. Bg3 g4 13. Qe2 Rh6 14.
Ke1 Qe7 15. Kd1 Nf6 16. Kc2 a6 17. e5 Nh5 18. exd6 Qxe2 19. Bxe2 Nxg3 20. hxg3
Rxd6 21. Rh8+ Ke7 22. Re1 Re6 23. Kd1 f5 24. Bd3 Rxe1+ 25. Kxe1 Kf6 26. Bxa6
Bb7 27. Rxa8 Bxa8 28. Kf2 c5 29. Bf1 Ke6 30. dxc5 bxc5 31. b4 cxb4 32. cxb4 Nc6
33. a3 Nd4 34. Bd3 Bc6 35. Nf1 Bd7 36. Ne3 Kd6 37. Nc4+ Ke6 38. Nb6 Bb5 39.
Bxb5 Nxb5 40. a4 Nc7 41. Nc4 Nd5 42. b5 Kd7 43. a5 Nc7 44. Na3 Kd6 45. Ke2 Kc5
46. a6 Kb6 47. Ke3 g5 48. Kd4 f4 49. Ke4 Ne6 50. Nc4+ Ka7 51. Ne5 fxg3 52. Nxg4
Nc7 53. Kf3 Nxb5 54. Kxg3 Kxa6 55. Nf6 Nc3 56. Kg4 Nd1 57. Kxg5 Ne3 1/2-1/2

[Event "Lansing (Mini-Swiss.2/1)"]
[Site "?"]
[Date "1995.??.??"]
[Round "?"]
[White "Sundeen, David"]
[Black "Belill, Mike"]
[Result "1/2-1/2"]
[WhiteElo "1700"]
[BlackElo "1605"]
[PlyCount "57"]
[EventDate "1995.??.??"]

{2/(1)} 1. e4 e5 2. f4 exf4 3. Nf3 Nc6 4. d4 Bb4+ 5. c3 Ba5 6. Bxf4 d6 7. Bc4
Bg4 8. O-O Nf6 9. Nbd2 O-O 10. Qb3 Bb6 11. Ng5 Bh5 12. Qc2 Bg6 13. Bd3 a6 14.
Kh1 h6 15. Ngf3 Re8 16. Rae1 Nh5 17. Be3 Qd7 18. Nh4 Bh7 19. Be2 Nf6 20. Bxh6
Nxe4 21. Bd3 Nxd2 22. Bxh7+ Kh8 23. Qxd2 Kxh7 24. Bg5 Rxe1 25. Rxe1 Re8 26. Rf1
Kg8 27. Qf2 Qe6 28. a3 Ne5 29. Re1 1/2-1/2

[Event "Lansing (Mini-Swiss.2/1)"]
[Site "?"]
[Date "1995.??.??"]
[Round "?"]
[White "Sundeen, David"]
[Black "Bacon, K."]
[Result "0-1"]
[WhiteElo "1710"]
[BlackElo "1605"]
[PlyCount "56"]
[EventDate "1995.??.??"]

{2/(1)} 1. e4 c6 2. d4 d5 3. e5 Bf5 4. Nf3 e6 5. Be2 h6 6. Nbd2 Nd7 7. Nb3 Qb6
8. Be3 c5 9. c3 c4 10. Nbd2 Qxb2 11. O-O Qxc3 12. Qa4 Qb4 13. Qd1 Qb2 14. Qa4
b5 15. Qa6 Ba3 16. Nh4 Bh7 17. Bg4 Ne7 18. Bxe6 fxe6 19. Qxe6 Bd3 20. Rfd1 Rb8
21. g4 Rb6 22. Qxb6 Nxb6 23. f4 Be2 24. Re1 Bxg4 25. Rab1 Qxa2 26. Rxb5 O-O 27.
Reb1 Qc2 28. Nf1 Bh3 0-1

[Event "East Lansing (Class DE/4/20)"]
[Site "?"]
[Date "1995.??.??"]
[Round "?"]
[White "Sullivant-Jones, W."]
[Black "Woods, I."]
[Result "1-0"]
[WhiteElo "1605"]
[BlackElo "1605"]
[PlyCount "113"]
[EventDate "1995.??.??"]

{4/(20)} 1. d4 Nf6 2. c4 e6 3. Nf3 d5 4. e3 Nbd7 5. Nc3 c5 6. Be2 Be7 7. O-O
Nb6 8. b3 O-O 9. Ba3 Nbd7 10. Qc2 b6 11. Bd3 Bb7 12. Ng5 g6 13. e4 h6 14. Nf3
cxd4 15. Bxe7 Qxe7 16. Nxd4 e5 17. Nf3 d4 18. Nd5 Qc5 19. Qd2 Kg7 20. Rfe1 Rfe8
21. Re2 Bxd5 22. cxd5 Rac8 23. Bc4 b5 24. Bd3 a6 25. b4 Qc3 26. Rd1 Qxd2 27.
Rexd2 Rc3 28. Rc2 Rec8 29. Rdd2 Nb6 30. Nxe5 Nfxd5 31. exd5 Nxd5 32. Nf3 Nxb4
33. Rxc3 Rxc3 34. Be2 d3 35. Bf1 Rc2 36. a3 Rxd2 37. Nxd2 Nc2 38. Nb1 Ne1 39.
f3 a5 40. Kf2 Nc2 41. Bxd3 Nd4 42. Ke3 Nf5+ 43. Bxf5 gxf5 44. Nc3 b4 45. axb4
axb4 46. Nd1 b3 47. Kd3 Kg6 48. Kc3 Kg5 49. Kxb3 f6 50. Kc3 h5 51. Kd3 Kf4 52.
Kd4 h4 53. Nf2 Kg5 54. Ke3 f4+ 55. Ke4 f5+ 56. Ke5 Kg6 57. Nh3 1-0

[Event "East Lansing (Class DE/3/23)"]
[Site "?"]
[Date "1995.??.??"]
[Round "?"]
[White "Sullivant-Jones, W."]
[Black "Priebe, Raymond"]
[Result "1/2-1/2"]
[WhiteElo "1605"]
[BlackElo "1605"]
[PlyCount "84"]
[EventDate "1995.??.??"]

{3/(23)} 1. d4 Nf6 2. c4 e6 3. Nf3 b6 4. Nc3 Bb4 5. a3 Bxc3+ 6. bxc3 Bb7 7. e3
d6 8. Bd3 c5 9. O-O Nbd7 10. Qc2 Bxf3 11. gxf3 O-O 12. Kh1 Qe7 13. f4 e5 14.
Re1 Ng4 15. Bxh7+ Kh8 16. f3 Qh4 17. Rf1 Qxh2+ 18. Qxh2 Nxh2 19. Kxh2 Kxh7 20.
fxe5 dxe5 21. Bb2 Rh8 22. Kg2 Kg8 23. Rh1 Re8 24. Rxh8+ Kxh8 25. Rh1+ Kg8 26.
e4 exd4 27. cxd4 cxd4 28. Bxd4 Rc8 29. Rc1 f6 30. f4 Kf7 31. Kf3 g6 32. Kg4 Nc5
33. Bxc5 Rxc5 34. Rc2 b5 35. Kf3 bxc4 36. Ke3 g5 37. fxg5 Rxg5 38. Kd4 Rg3 39.
Rc3 Rxc3 40. Kxc3 Ke6 41. Kxc4 Ke5 42. Kd3 Ke6 1/2-1/2

[Event "Lansing (Mini-Swiss.3/2)"]
[Site "?"]
[Date "1995.??.??"]
[Round "?"]
[White "Sullivant-Jones, W."]
[Black "Jackson, Don"]
[Result "0-1"]
[WhiteElo "1605"]
[BlackElo "1605"]
[PlyCount "90"]
[EventDate "1995.??.??"]

{3/(2)} 1. d4 h6 2. e4 g5 3. b3 Bg7 4. Bb2 c5 5. c3 Qa5 6. Qd2 Nc6 7. d5 Ne5 8.
Nf3 d6 9. b4 Nxf3+ 10. gxf3 Qb6 11. bxc5 Qxc5 12. Rg1 Be5 13. h3 Nf6 14. Ba3
Qc7 15. Bb5+ Bd7 16. Bxd7+ Kxd7 17. Bb2 Bh2 18. Rh1 Bf4 19. Qd3 Qb6 20. Ba3
Rhc8 21. Nd2 a6 22. Nc4 Qc7 23. Nd2 Qxc3 24. Qxc3 Rxc3 25. Bb4 Rc2 26. Nb3 Rac8
27. Rf1 R8c4 28. a3 b6 29. Bd2 Rb2 30. Bxf4 Rxb3 31. Be3 Nh5 32. Kd2 b5 33. Ra2
Nf4 34. Bxf4 gxf4 35. Ke2 Rbc3 36. Rg1 Rc2+ 37. Rxc2 Rxc2+ 38. Kf1 Rc3 39. Ke2
Rxa3 40. Rg4 b4 41. Rh4 b3 42. Rxh6 b2 43. Kf1 b1=Q+ 44. Kg2 Ra1 45. h4 Qf1+
0-1

[Event "Eastpointe (MCO/5/31)"]
[Site "?"]
[Date "1995.??.??"]
[Round "?"]
[White "Sturgis, Derreck"]
[Black "Williams, Claude"]
[Result "0-1"]
[WhiteElo "1605"]
[BlackElo "1605"]
[PlyCount "64"]
[EventDate "1995.??.??"]

{5/(31)} 1. d4 d5 2. c4 e6 3. Nc3 c6 4. cxd5 cxd5 5. Qc2 Nf6 6. Bg5 Nc6 7. Nf3
Be7 8. Rd1 O-O 9. e4 dxe4 10. Nxe4 Qa5+ 11. Nc3 Rd8 12. Bc4 b5 13. Bxb5 Nb4 14.
Qa4 Qxa4 15. Bxa4 Bb7 16. a3 Nbd5 17. O-O h6 18. Bh4 g5 19. Bg3 Nh5 20. h4 Nxg3
21. fxg3 Ne3 22. hxg5 hxg5 23. Nxg5 Bxg5 24. Bb3 Nxf1 25. Kxf1 Kg7 26. d5 Rh8
27. Ke2 Ba6+ 28. Kf3 Rab8 29. d6 Rxb3 30. d7 Rxb2 31. d8=Q Rxd8 32. Rxd8 Bxd8
0-1

[Event "Eastpointe (MCO/3/27)"]
[Site "?"]
[Date "1995.??.??"]
[Round "?"]
[White "Sturgis, Derreck"]
[Black "Schell, Ken"]
[Result "0-1"]
[WhiteElo "1605"]
[BlackElo "1705"]
[PlyCount "62"]
[EventDate "1995.??.??"]

{3/(27)} 1. d4 d5 2. c4 e6 3. Nc3 Nf6 4. Bg5 Nbd7 5. cxd5 exd5 6. Nxd5 Nxd5 7.
Bxd8 Bb4+ 8. Qd2 Bxd2+ 9. Kxd2 Kxd8 10. e4 N5b6 11. Rc1 Re8 12. Bd3 c6 13. f4
Nf6 14. e5 Nfd5 15. a3 Nxf4 16. Bxh7 g6 17. g3 Nfd5 18. Nf3 Bf5 19. Ng5 Ke7 20.
Rhe1 Kf8 21. h3 Kg7 22. g4 Be6 23. Re4 Nd7 24. h4 Nf8 25. h5 Nxh7 26. Nxh7 Kxh7
27. hxg6+ Kxg6 28. g5 Rh8 29. Ree1 Rh2+ 30. Re2 Rxe2+ 31. Kxe2 Rh8 0-1

[Event "Eastpointe (MCO/2/38)"]
[Site "?"]
[Date "1995.??.??"]
[Round "?"]
[White "Sturgis, Derreck"]
[Black "Oprean, G."]
[Result "1-0"]
[WhiteElo "1605"]
[BlackElo "1605"]
[PlyCount "87"]
[EventDate "1995.??.??"]

{2/(38)} 1. d4 d5 2. c4 c6 3. Nf3 e6 4. Nc3 Nf6 5. Bg5 Be7 6. cxd5 cxd5 7. Rc1
O-O 8. Bxf6 Bxf6 9. e4 dxe4 10. Nxe4 Be7 11. Qc2 b6 12. Qc7 Nd7 13. Qc6 Rb8 14.
Bd3 Bb7 15. Qa4 Ra8 16. O-O Nf6 17. Nxf6+ Bxf6 18. Rfe1 a6 19. Qc2 g6 20. Be4
Bd5 21. Bxd5 Qxd5 22. Qc4 Rfd8 23. Qxd5 Rxd5 24. Re4 Rd6 25. h4 h5 26. Rc7 Rad8
27. Ne5 Rf8 28. Nd7 Bd8 29. Ra7 Re8 30. Ne5 Rf8 31. Rxa6 Bc7 32. a4 Rd5 33. Nc4
Rb8 34. b4 b5 35. Na5 bxa4 36. Nc6 Re8 37. Rxa4 Rd6 38. b5 Kg7 39. Rb4 Bb6 40.
Ne5 Rd5 41. Nf3 Ba5 42. Rb3 Rb8 43. Re5 Rdxb5 44. Rbxb5 1-0

[Event "Dearborn (MI Inv/3)"]
[Site "Dearborn"]
[Date "1995.??.??"]
[Round "?"]
[White "Strugach, L."]
[Black "Tsemekhman, Vadim"]
[Result "0-1"]
[WhiteElo "2370"]
[BlackElo "2470"]
[PlyCount "74"]
[EventDate "1995.??.??"]

1. d4 Nf6 2. c4 e5 3. dxe5 Ng4 4. e6 dxe6 5. Qxd8+ Kxd8 6. Nc3 Nc6 7. Bd2 f6 8.
h3 Nge5 9. b3 Bd7 10. g3 Kc8 11. f4 Nf7 12. Nf3 a5 13. Kf2 Bb4 14. Bg2 Nd6 15.
Ne1 e5 16. Nd3 exf4 17. gxf4 Re8 18. Nxb4 axb4 19. Nd5 Nd4 20. e3 Nc2 21. Bxb4
Nxa1 22. Rxa1 Nf5 23. a4 Ra6 24. Bd2 Be6 25. a5 Bf7 26. e4 Nd4 27. Rb1 Bg6 28.
Bc3 Bxe4 29. Re1 Rae6 30. Nxc7 Kxc7 31. Bxd4 Bxg2 32. Rxe6 Rxe6 33. Kxg2 Re2+
34. Kf3 Rh2 35. Kg4 Rd2 36. Bb6+ Kd7 37. b4 Rc2 0-1

[Event "Dearborn (MI Inv/5)"]
[Site "Dearborn"]
[Date "1995.??.??"]
[Round "?"]
[White "Strugach, L."]
[Black "O'Donnell, Robert"]
[Result "1-0"]
[WhiteElo "2370"]
[BlackElo "2235"]
[PlyCount "69"]
[EventDate "1995.??.??"]

1. e4 c5 2. Nf3 Nc6 3. d4 cxd4 4. Nxd4 Nf6 5. Nc3 d6 6. Bc4 Qb6 7. Nb3 e6 8.
Be3 Qc7 9. f3 a6 10. O-O Be7 11. Nd4 Ne5 12. Bb3 O-O 13. a4 Nc4 14. Bxc4 Qxc4
15. Qd2 Bd7 16. a5 Rac8 17. Kh1 d5 18. e5 Ne8 19. f4 Bb4 20. Nde2 g6 21. f5 d4
22. Bxd4 exf5 23. Rf4 Bc6 24. Rh4 Be7 25. Rh3 h5 26. Qh6 Rd8 27. Rd1 Bc5 28.
Rhd3 Bxd4 29. Nxd4 Rc8 30. Nxf5 Qe6 31. Nd6 Rd8 32. Nde4 Rxd3 33. Ng5 Rxd1+ 34.
Nxd1 Nf6 35. Nxe6 1-0

[Event "Dearborn (MI Inv/1)"]
[Site "Dearborn"]
[Date "1995.??.??"]
[Round "?"]
[White "Strugach, L."]
[Black "Noren, Kevin"]
[Result "1-0"]
[WhiteElo "2370"]
[BlackElo "2270"]
[PlyCount "49"]
[EventDate "1995.??.??"]

1. d4 f5 2. c4 e6 3. Nc3 Nf6 4. g3 Bb4 5. Bg2 O-O 6. Nf3 Bxc3+ 7. bxc3 d6 8.
Ba3 Nbd7 9. c5 Ne4 10. cxd6 cxd6 11. Qb3 Ndf6 12. O-O Qc7 13. Rac1 Bd7 14. c4
b6 15. Bb4 Rac8 16. Nd2 Bc6 17. f3 Nxd2 18. Bxd2 e5 19. Bh3 g6 20. Bh6 Rf7 21.
e4 fxe4 22. Bxc8 Qxc8 23. dxe5 dxe5 24. c5 b5 25. fxe4 1-0

[Event "Detroit (CMS Jun/1/4/1)"]
[Site "?"]
[Date "1995.??.??"]
[Round "?"]
[White "Strimpel, D."]
[Black "Sparks, C."]
[Result "1-0"]
[WhiteElo "1605"]
[BlackElo "1605"]
[PlyCount "69"]
[EventDate "1995.??.??"]

{1/4} 1. e4 d6 2. Nf3 Nf6 3. Nc3 c6 4. d3 d5 5. exd5 cxd5 6. d4 Bf5 7. Bf4 Nc6
8. Bd3 g6 9. Bxf5 gxf5 10. O-O Ne4 11. Nb5 a6 12. Nc7+ Kd7 13. Nxa8 Qxa8 14.
Ne5+ Nxe5 15. Bxe5 f6 16. Bf4 e5 17. dxe5 fxe5 18. Bxe5 Bc5 19. Bxh8 Bxf2+ 20.
Rxf2 Nxf2 21. Qxd5+ Ke8 22. Qg8+ Ke7 23. Re1+ Kd7 24. Qxa8 Ne4 25. Qxb7+ Kd6
26. Rd1+ Kc5 27. Qd5+ Kb6 28. Bd4+ Kc7 29. Qxf5 Nd6 30. Qxh7+ Kc6 31. Qh6 Kd5
32. Be5+ Ke4 33. Rxd6 Kxe5 34. Rxa6 Kd4 35. Qe6 1-0

[Event "Detroit (WCO/1/9)"]
[Site "?"]
[Date "1995.??.??"]
[Round "?"]
[White "Strimpel, D."]
[Black "McNeil, Yaking"]
[Result "0-1"]
[WhiteElo "1605"]
[BlackElo "1605"]
[PlyCount "94"]
[EventDate "1995.??.??"]

{1/(9)} 1. e4 e5 2. Nf3 Nf6 3. Nc3 Nc6 4. Bc4 Bb4 5. d3 d6 6. Bd2 Bg4 7. Nd5
Bc5 8. Qe2 Nd4 9. Qd1 Nxd5 10. Bxd5 c6 11. Bc4 Qf6 12. Be3 Nxf3+ 13. Kf1 Nxh2+
14. Rxh2 Bxd1 15. Rxd1 Bxe3 16. g3 a5 17. Re1 Qxf2+ 18. Rxf2 Bxf2 19. Kxf2 b5
20. Bxf7+ Kxf7 21. Rf1 Rhf8 22. Ke2+ Ke6 23. Rh1 h6 24. g4 Rf6 25. Ke3 Raf8 26.
Rh3 Rf3+ 27. Rxf3 Rxf3+ 28. Kxf3 Kf6 29. Kg3 Kg5 30. Kh3 g6 31. Kg3 h5 32. gxh5
gxh5 33. Kh3 h4 34. Kg2 Kg4 35. Kh2 h3 36. Kg1 Kf3 37. Kh2 Ke2 38. c4 Kxd3 39.
cxb5 cxb5 40. b3 Kxe4 41. a4 b4 42. Kxh3 Kf3 43. Kh2 e4 44. Kg1 Ke2 45. Kg2 e3
46. Kg3 Kf1 47. Kf4 e2 {[White played the illegal 48.Ke5. 0-1, 59?]} 0-1

[Event "Detroit (WCO/3/12)"]
[Site "?"]
[Date "1995.??.??"]
[Round "?"]
[White "Strimpel, D."]
[Black "Martell, Raul"]
[Result "0-1"]
[WhiteElo "1605"]
[BlackElo "1605"]
[PlyCount "92"]
[EventDate "1995.??.??"]

{3/(12)} 1. e4 e6 2. Nf3 Nf6 3. Nc3 Bc5 4. Bc4 Nc6 5. d3 Ne7 6. Bg5 Ng4 7. O-O
h6 8. Bf4 d6 9. Qe2 e5 10. Be3 Nxe3 11. fxe3 Nc6 12. Qf2 O-O 13. Qh4 Qxh4 14.
Nxh4 Bxe3+ 15. Kh1 Be6 16. Bxe6 fxe6 17. Rxf8+ Rxf8 18. Nb5 Bb6 19. h3 a6 20.
Nc3 Nd4 21. Nd1 Rf1+ 22. Kh2 Nxc2 23. Rc1 Ne3 24. Nf3 Rxd1 25. Rxd1 Nxd1 26. d4
Bxd4 27. b4 c5 28. bxc5 dxc5 29. Nxd4 exd4 30. Kg1 Ne3 31. Kf2 c4 32. Ke2 c3
33. Kd3 c2 34. Kd2 b5 35. Kc1 b4 36. Kb2 d3 37. Kc1 a5 38. g4 a4 39. h4 b3 40.
axb3 axb3 41. g5 hxg5 42. hxg5 b2+ 43. Kxb2 d2 44. Kc3 d1=Q 45. Kb2 c1=Q+ 46.
Ka2 Qdc2# 0-1

[Event "East Lansing (Beg/5/8)"]
[Site "?"]
[Date "1995.??.??"]
[Round "?"]
[White "Strimpel, D."]
[Black "Hamade, Wael"]
[Result "0-1"]
[WhiteElo "1605"]
[BlackElo "1605"]
[PlyCount "108"]
[EventDate "1995.??.??"]

{5/(8)} 1. e4 d6 2. Nf3 Nd7 3. Bc4 Ngf6 4. Nc3 g6 5. O-O Bg7 6. d3 O-O 7. Bf4
e5 8. Be3 Ng4 9. Qd2 b6 10. h3 Nxe3 11. Qxe3 Nf6 12. Rae1 Be6 13. Bxe6 fxe6 14.
Ng5 Qe8 15. Nb5 Qxb5 16. Nxe6 Rf7 17. Rb1 Re7 18. Nxg7 Rxg7 19. c4 Qc5 20. Qg5
Nh5 21. Rfd1 Rf8 22. Qe3 Rgf7 23. Qxc5 dxc5 24. f3 Ng3 25. Kf2 Nh5 26. a4 Rd8
27. g4 Nf4 28. Ke3 Nxh3 29. Rh1 Nf4 30. Rbd1 Ng2+ 31. Ke2 Nf4+ 32. Ke3 a5 33.
Rd2 Rfd7 34. Rhd1 h5 35. gxh5 gxh5 36. Rg1+ Kh8 37. Rg5 Rxd3+ 38. Rxd3 Rxd3+
39. Kf2 Rd2+ 40. Kg3 Rxb2 41. Rxe5 Ne2+ 42. Kh4 Nf4 43. Re8+ Kg7 44. Kg5 Nh3+
45. Kxh5 Rg2 46. e5 Nf4+ 47. Kh4 Kf7 48. Rh8 Ng6+ 49. Kh3 Nf4+ 50. Kh4 Rh2+ 51.
Kg3 Rxh8 52. Kxf4 Ke6 53. Ke4 Rh5 54. f4 Rh4 0-1

[Event "East Lansing (Beg/2/2)"]
[Site "?"]
[Date "1995.??.??"]
[Round "?"]
[White "Strimpel, D."]
[Black "DeVries, B."]
[Result "0-1"]
[WhiteElo "1605"]
[BlackElo "1605"]
[PlyCount "60"]
[EventDate "1995.??.??"]

{2/(2)} 1. e4 e5 2. Nf3 Nc6 3. Bc4 Bc5 4. O-O Nf6 5. Nc3 d6 6. h3 O-O 7. d3 h6
8. Be3 Bxe3 9. fxe3 a6 10. d4 exd4 11. exd4 b5 12. Bb3 Bb7 13. d5 Na5 14. Nd4
c5 15. Nf5 c4 16. Qe1 cxb3 17. Qg3 Nh5 18. Nxh6+ Kh8 19. Nxf7+ Rxf7 20. Rxf7
Nxg3 21. cxb3 Kg8 22. Rf3 Qg5 23. Re1 Rf8 24. Rxf8+ Kxf8 25. b4 Nc4 26. b3 Nd2
27. a4 Qf4 28. axb5 axb5 29. Nxb5 Ngxe4 30. Nd4 Qf2+ 0-1

[Event "Detroit (WCO/5/15)"]
[Site "?"]
[Date "1995.??.??"]
[Round "?"]
[White "Strimpel, D."]
[Black "Castro, A."]
[Result "1-0"]
[WhiteElo "1605"]
[BlackElo "1605"]
[PlyCount "99"]
[EventDate "1995.??.??"]

{5/(15)} 1. e4 e5 2. Nf3 Nc6 3. Bc4 d6 4. h3 Nf6 5. d3 Be6 6. Bb3 Nd4 7. Nxd4
exd4 8. Bg5 Be7 9. c3 dxc3 10. Nxc3 O-O 11. Bxf6 Bxf6 12. O-O c5 13. Qe2 Qa5
14. f4 Bxc3 15. bxc3 Bxb3 16. axb3 Qxc3 17. Qg4 g6 18. Rfe1 Rae8 19. Qd7 Qg7
20. Rxa7 Rb8 21. Rxb7 Rxb7 22. Qxb7 Qc3 23. Rd1 Qd4+ 24. Kh2 f5 25. Qd5+ Kg7
26. Qxd4+ cxd4 27. exf5 gxf5 28. Re1 Rb8 29. Re6 Rb6 30. g4 fxg4 31. hxg4 Kf7
32. f5 Rb7 33. Rxd6 Rxb3 34. Rxd4 Kf6 35. Kg3 Ke5 36. Rd7 h5 37. Kh4 Kf4 38. f6
Rb8 39. f7 Ke5 40. Rb7 Rf8 41. Kg5 Ke6 42. Kxh5 Rxf7 43. Rxf7 Kxf7 44. Kg5 Ke6
45. Kg6 Ke5 46. g5 Kd4 47. Kf6 Kxd3 48. g6 Kd4 49. g7 Kd5 50. g8=Q+ 1-0

[Event "East Lansing (Class A/4/10"]
[Site "?"]
[Date "1995.??.??"]
[Round "?"]
[White "Straub, F."]
[Black "Rosenberg, Steve"]
[Result "1-0"]
[WhiteElo "1940"]
[BlackElo "1815"]
[PlyCount "59"]
[EventDate "1995.??.??"]

{4/10} 1. c4 Nf6 2. Nc3 e5 3. g3 g6 4. Bg2 Bg7 5. b4 c6 6. e4 d6 7. h3 Be6 8.
d3 O-O 9. Nge2 Qd7 10. Bd2 Ne8 11. Qc2 f5 12. O-O-O fxe4 13. Nxe4 Bf5 14. f4 d5
15. Nc5 Qf7 16. g4 Be6 17. fxe5 dxc4 18. d4 Bd5 19. Rhf1 Qe7 20. Rxf8+ Bxf8 21.
Ne4 a5 22. bxa5 Qa3+ 23. Qb2 Qd3 24. Nf4 c3 25. Nxc3 Qc4 26. Nfxd5 Rxa5 27. Ne3
Qd3 28. Qb3+ Kh8 29. a4 b5 30. Be4 {[Remainder illegible; 1-0, 38?]} 1-0

[Event "East Lansing (Class A/2/10)"]
[Site "?"]
[Date "1995.??.??"]
[Round "?"]
[White "Straub, F."]
[Black "Arganian, David H"]
[Result "0-1"]
[WhiteElo "1940"]
[BlackElo "1850"]
[PlyCount "60"]
[EventDate "1995.??.??"]

{2/(10)} 1. c4 c5 2. Nc3 Nc6 3. g3 g6 4. Bg2 Bg7 5. e3 e6 6. Nge2 Nge7 7. O-O
O-O 8. a3 d5 9. cxd5 exd5 10. d4 cxd4 11. Nxd4 a6 12. Nce2 Bg4 13. f3 Bd7 14.
Bd2 Ne5 15. Bc3 Rc8 16. b3 Bh6 17. f4 Ng4 18. Qd2 Nf6 19. h3 Ne4 20. Bxe4 dxe4
21. g4 Nd5 22. Bb2 Qh4 23. Kg2 Bg7 24. Ng3 h5 25. Ngf5 Bxf5 26. Nxf5 gxf5 27.
Bxg7 Rc2 28. Qxc2 Nxe3+ 29. Kh2 Nxc2 30. Bd4 Nxd4 0-1

[Event "Detroit (MI Team/1/1/2)"]
[Site "?"]
[Date "1995.??.??"]
[Round "?"]
[White "Stone, Ray"]
[Black "Gentry, Loyd"]
[Result "1-0"]
[WhiteElo "2425"]
[BlackElo "1605"]
[PlyCount "95"]
[EventDate "1995.??.??"]

{1/1} 1. d4 c5 2. d5 g6 3. c4 Bg7 4. e4 d6 5. Nc3 Nf6 6. h3 a6 7. Nf3 Bd7 8. a4
O-O 9. Bd3 e6 10. O-O exd5 11. cxd5 Re8 12. Re1 Bc8 13. Bf4 Nh5 14. Bg5 Qb6 15.
Qd2 Nd7 16. Be2 Nhf6 17. Qc2 Ne5 18. Nd2 Qc7 19. Bf1 Rb8 20. a5 b6 21. axb6
Qxb6 22. f4 Ned7 23. Nc4 Qc7 24. Rad1 h6 25. Bh4 Nh5 26. Qd2 a5 27. g4 Nhf6 28.
e5 dxe5 29. fxe5 Rxe5 30. d6 Qb7 31. Nxe5 Nxe5 32. Rxe5 Qc6 33. Bg2 Qd7 34. Re7
Qd8 35. Bd5 Nxd5 36. Qxd5 Be6 37. Qe4 Rxb2 38. d7 Bxd7 39. Rdxd7 Qb6 40. Rxf7
c4+ 41. Kh1 Rh2+ 42. Kxh2 Qb2+ 43. Bf2 Qxc3 44. Qe8+ Kh7 45. Qe7 Qxh3+ 46. Kxh3
h5 47. Rxg7+ Kh6 48. g5# 1-0

[Event "Detroit (MI Team/3/1/2)"]
[Site "?"]
[Date "1995.??.??"]
[Round "?"]
[White "Stone, R."]
[Black "Finegold, Ron"]
[Result "1-0"]
[WhiteElo "2425"]
[BlackElo "2230"]
[PlyCount "75"]
[EventDate "1995.??.??"]

{3/1} 1. d4 d6 2. e4 g6 3. c4 e5 4. Ne2 f5 5. dxe5 dxe5 6. Qxd8+ Kxd8 7. exf5
gxf5 8. Nbc3 c6 9. f4 e4 10. Be3 Bg7 11. O-O-O+ Ke8 12. Nd4 Nf6 13. c5 Ng4 14.
Bg1 Rf8 15. Bc4 Rf6 16. h3 Rh6 17. Nce2 e3 18. Ng3 Bxd4 19. Rxd4 Nf2 20. Bxf2
exf2 21. Rf1 Rg6 22. Rxf2 Bd7 23. Re2+ Kf8 24. Nh5 a5 25. g4 Rh6 26. Ng3 Rxh3
27. Nxf5 Rh1+ 28. Kd2 Rb1 29. Kc2 Rg1 30. Nh6 Rh1 31. g5 Rxh6 32. gxh6 Bf5+ 33.
Bd3 Bxd3+ 34. Kxd3 Na6 35. Kc4 Nb4 36. Rd7 Nd5 37. Rxb7 Kg8 38. Rg2+ 1-0

[Event "Ann Arbor (MI Women/1/3)"]
[Site "?"]
[Date "1995.??.??"]
[Round "?"]
[White "Stinson, Darlene"]
[Black "Trice, Shevonne"]
[Result "1-0"]
[WhiteElo "1605"]
[BlackElo "1605"]
[PlyCount "41"]
[EventDate "1995.??.??"]

{1/(3)} 1. e4 e5 2. Nf3 Nc6 3. Bb5 a6 4. Ba4 Nf6 5. O-O Bc5 6. c3 d6 7. d4 Bb6
8. Re1 O-O 9. Bg5 h6 10. Bh4 Ba5 11. h3 Qe8 12. Nbd2 Nxd4 13. Bxe8 Rxe8 14.
cxd4 Bxd2 15. Qxd2 c6 16. dxe5 dxe5 17. Bxf6 gxf6 18. Qxh6 Re6 19. Rad1 f5 20.
Rd8+ Re8 21. Rxe8# 1-0